000 00544nam a22001937a 4500
005 20251108173134.0
008 250721s2004 xx 000 0 ara d
082 1 4 _aم/ ط/ 910.03/ موس
100 1 _aكفتارو، محمد عماد
_etran.
245 1 0 _aموسوعة بلدان العالم /
264 1 _aدمشق :
_bدار الرشيد،
_c2004.
300 _a392ص
650 1 7 _aالجغرافيا
650 1 7 _aالبلدان
650 1 7 _aالعالم
650 1 7 _aالموسوعات
942 _2ddc
_cBK
999 _c96964
_d96964